000 00706nam a2200241Ia 4500
003 OSt
005 20220925231943.0
006 a|||||r|||| 00| 0
007 ta
008 220923b |||||||| |||| 00| 0 eng d
037 _cGeneral Book
040 _aRTL
_cRTL
_beng
041 _2eng
_aeng
082 _aB627, K8
100 _aSeidenberg A
_9296437
245 0 _aElements of the theory of algebrais curves
260 _aMassachussets
_bAddison-Wesley
_c1968
300 _aviii,216p.
_ccm.
490 _aAddison-Wesley Series in Mathematics Ed by Lynn H Loomis 1968
650 _aGeometry
_9180965
942 _hB627, K8
_cGB
_2CC
999 _c589886
_d589886